| 000 | 00458nam a2200181Ia 4500 | ||
|---|---|---|---|
| 001 | 25059 | ||
| 005 | 20260414151124.0 | ||
| 008 | 260414t2019||||xx |||||||||||||| ||spa|| | ||
| 041 | _aESP | ||
| 082 |
_a346.13 _bG67T |
||
| 100 |
_aGonzales Barrón, Gunther _eAUT |
||
| 245 | 0 |
_aTítulo de propiedad inscrito y seguridad jurídica _b |
|
| 260 | _c2019 | ||
| 300 |
_a446 páginas : _c25 cm. |
||
| 650 | _aDER | ||
| 654 | _aCDE | ||
| 942 |
_cLIB _dJUS _fJUS _2ddc _n |
||
| 999 |
_c25059 _d25059 |
||